[Event "Santa Fe Litoral op 2nd"]
[Site "Santa Fe"]
[Date "2022.11.13"]
[Round "6"]
[White "Caceres, Dario"]
[Black "Caceres, Salvador"]
[Result "1/2-1/2"]
[WhiteElo "1453"]
[BlackElo "1118"]
[PlyCount "22"]
[EventDate "2022.11.10"]
[EventType "swiss"]
[EventRounds "7"]
[EventCountry "ARG"]
[SourceTitle "CBM 211 Extra"]
[Source "ChessBase"]
[SourceDate "2023.01.31"]
[SourceVersion "1"]
[SourceVersionDate "2023.01.31"]
[SourceQuality "1"]

1. e4 c5 2. Nf3 Nc6 3. d4 cxd4 4. Nxd4 g6 5. Nc3 Bg7 6. Be3 Nf6 7. Be2 0-0 8. 0-0 d5 9. exd5 Nxd5 10. Nxd5 Qxd5 11. c3 Rd8 1/2-1/2

[Event "Santa Fe Litoral op 2nd"]
[Site "Santa Fe"]
[Date "2022.11.12"]
[Round "5"]
[White "Caceres, Salvador"]
[Black "Diaz Castro, Luis Enrique"]
[Result "0-1"]
[WhiteElo "1118"]
[BlackElo "1418"]
[PlyCount "42"]
[EventDate "2022.11.10"]
[EventType "swiss"]
[EventRounds "7"]
[EventCountry "ARG"]
[SourceTitle "CBM 211 Extra"]
[Source "ChessBase"]
[SourceDate "2023.01.31"]
[SourceVersion "1"]
[SourceVersionDate "2023.01.31"]
[SourceQuality "1"]

1. e4 c5 2. Nf3 g6 3. d4 cxd4 4. Nxd4 Bg7 5. Nc3 Nc6 6. Be3 Nf6 7. Bc4 0-0 8. f3 Qb6 9. Bb3 Nxe4 10. Nxe4 Bxd4 11. Bxd4 Nxd4 12. c3 Nxb3 13. Qxb3 Qe3+ 14. Kf1 b6 15. Qd5 Ba6+ 16. c4 e6 17. Re1 Qxe1+ 18. Kxe1 exd5 19. cxd5 Rac8 20. Kd2 f5 21. Nd6 Rc5 0-1